000 00399cam a2200169ua 4500
020 _c1.00
041 _amal
_h
082 _a894.812301
_bUND/VI
100 _aUndset, Siyrid .
245 _aViduthikkaran /
_cSiyirid Undset.
_hTextual Documents
260 _aKollam :
_bM S Book Depot ,
_c1959.
300 _a83 ; .
365 _a1.00
504 _a
942 _cBK
999 _c5250
_d5250